01024nam a2200277Ia 450000500170000000800270001702000180004408200170006210000340007924500440011325000170015730000260017449000190020050000550021950500890027460000670036365000690043065000500049994200120054926400470056133600270060833700330063533800280066804000350069699900150073120220317000329.0141031s9999 ck 000 0 spa d a978958837558804a791.43bS24c1 aSilva Romero, Ricardo,d1975-10aCuatro estrellas cRicardo Silva Romero a1a edición a234 páginasc23 cm. aVoces de fuego aIncluye datos biográficos del autor en la solapa a2000 -- 2001 -- 2002 -- 2003 -- 2004 -- 2005 -- 2006 -- 2007 -- 2008 -- 2009 -- 201014aSilva Romero, Ricardo,d1975 -vcolecciones de escritos918616142LEMBaPelículas cinematograficasxCrítica e interpretación142LEMBaPelículas cinematograficasxReseñas 2ddccBK aCartagena de IndiasbPluma de Mompoxc2011 atextobtxt2rdacontent asin mediaciónbn2rdamedia avolumenbnc2rdacarrier aCO-BoRNBPbspaerdacCO-BoRNBP c3744d3744